Shaun and the cart-horse / (Record no. 9125)

MARC details
000 -LEADER
fixed length control field 00930nam a22003011 4500
001 - CONTROL NUMBER
control field 9125
003 - CONTROL NUMBER IDENTIFIER
control field FISKH
005 - DATE AND TIME OF LATEST TRANSACTION
control field 20251124104219.0
008 - FIXED-LENGTH DATA ELEMENTS--GENERAL INFORMATION
fixed length control field 850820s1966 nyua j 000 1 eng
010 ## - LIBRARY OF CONGRESS CONTROL NUMBER
LC control number 66015084
035 ## - SYSTEM CONTROL NUMBER
System control number 1225076
040 ## - CATALOGING SOURCE
Original cataloging agency DLC
Transcribing agency DLC
Modifying agency DLC
Language of cataloging eng
050 ## - LIBRARY OF CONGRESS CALL NUMBER
Classification number PZ4.K2512
082 ## - DEWEY DECIMAL CLASSIFICATION NUMBER
Classification number 823.9
100 1# - MAIN ENTRY--PERSONAL NAME
Personal name Keeping, Charles.
245 10 - TITLE STATEMENT
Title Shaun and the cart-horse /
Statement of responsibility, etc. Charles Keeping
250 ## - EDITION STATEMENT
Edition statement This edition published in 1979
260 ## - PUBLICATION, DISTRIBUTION, ETC.
Place of publication, distribution, etc. New York,
Name of publisher, distributor, etc. F. Watts
Date of publication, distribution, etc. 1966
300 ## - PHYSICAL DESCRIPTION
Extent 32 unnumbered pages :
Other physical details color illustrations ;
Dimensions 21 x 27 cm
505 ## - FORMATTED CONTENTS NOTE
Formatted contents note J<br/>
520 ## - SUMMARY, ETC.
Summary, etc. When the man next door is forced to sell his cart horse Shaun sets out to find it and to raise the money to buy it back.
521 8# - TARGET AUDIENCE NOTE
Target audience note 430<br/>
Source Lexile estimate<br/>
521 8# - TARGET AUDIENCE NOTE
Target audience note J<br/>
Source Raz-Plus<br/>
650 #1 - SUBJECT ADDED ENTRY--TOPICAL TERM
Topical term or geographic name entry element Picture books.
906 ## - LOCAL DATA ELEMENT F, LDF (RLIN)
a 7
b cbc
c orignew
d u
e ocip
f 19
g y-gencatlg
942 ## - ADDED ENTRY ELEMENTS (KOHA)
Source of classification or shelving scheme Dewey Decimal Classification
Koha item type Books
Suppress in OPAC No

No items available.